000 01075 a2200265 4500
003 Nust
005 20170207154046.0
020 _a0-596-00269-6
040 _cNust
082 0 4 _a005.133
082 0 4 _a005.133
100 1 _aChappell, David A.
245 0 0 _aJava web services (E-BOOK)
_cDavid A. Chappell and Tyler Jewell
260 _aBeijing :
_bO'Reilly,
_ccop. 2002
300 _a262 s.
505 _aWelcome to Web Services 11 Inside the Composite Computing Model 17 SOAP: The Cornerstone of Interoperability 28 SOAP-RPC, SOAP-Faults, and Misunderstanding 55 Web Services Description Language 72 UDDI: Universal Description, Discovery, and Integration 96 JAX-RPC and JAXM 138 J2EE and Web Services 169 Web Services Interoperability 186 Web Services Security 227
650 7 _aComputer network protocols
650 7 _aInternet programming
650 7 _aInternetprogrammering
650 7 _aJava (Computer program language)
650 7 _aJAVA (programsprå«©
650 7 _aKommunikationsprotokoll
651 _aJava web services (E-BOOK)
700 1 _aJewell, Tyler
942 _2ddc
_cBK
999 _c192912
_d192912